000
00325nam a2200145Ia 4500
100
_a
Basu/ D.K./ Nasepuri M
942
_c
BK
654
_a
Computer
245
_a
Computer Systems and Data Analysis
260
_b
Narosa Pub
_a
New Delhi
_c
1997
082
_a
5.7
_b
BAS
300
_a
433
546
_a
ENGLISH
999
_c
29583
_d
29583